01090nam a22001937a 4500003000800000008004100008037002000049040003500069041000800104080000900112100002600121245024200147260013200389300002300521502019300544650010500737655002300842700003100865BI-BuBU260629b2025 bd fr|||| 000 0 fre d bDon de l'auteur aBI-BuBUbfrecBI-BuBUdBI-BuBU0 afre a396.1 4aut.aNiyonzima, Tite10aExploration des facteurs de résilience chez les femmes victimes de violences conjugales benquête menée au sein du groupement communautaire de solidarité de Ruziba, en commune MuhacTite Niyonzima ; Mélance Nduwimana, directeur aBujumburabUniversité du Burundi, Faculté de Psychologie et des Sciences de l'education, département de psychologiec2025 aXII-81 f.c30 cm.  aMémoire présenté et défendu publiquement en vue de l'obtention du diplôme de master en sciences psychologiques et de l'éducation. Option : Recherche en sciences psychologiques. 72BI-BuBUaFemmexViolence conjugalexRésiliencezGroupement communautaire de solidarité de Ruziba 72BI-BuBUaMémoire1 4dir.aNduwimana, Mélance